LEADER 02128nam 2200493 450 001 9910467790303321 005 20211005151859.0 010 $a1-4411-2515-9 035 $a(CKB)4340000000253858 035 $a(MiAaPQ)EBC5309617 035 $a(Au-PeEL)EBL5309617 035 $a(CaPaEBR)ebr11518584 035 $a(OCoLC)928990800 035 $a(MiAaPQ)EBC4948497 035 $a(Au-PeEL)EBL4948497 035 $a(CaONFJC)MIL851472 035 $a(EXLCZ)994340000000253858 100 $a20180322h20012001 uy 0 101 0 $aeng 135 $aurcnu|||||||| 181 $2rdacontent 182 $2rdamedia 183 $2rdacarrier 200 14$aThe pain that heals $ethe place of suffering in the growth of the person /$fMartin Israel 205 $a1st ed. 210 1$aLondon, [England] ;$aNew York :$cContinuum,$d2001. 210 4$dİ2001 215 $a1 online resource (193 pages) 225 1 $aContemporary Christian Insights 311 $a0-8264-5412-7 330 $a"The Pain That Heals is a personal response to the amount of suffering that I have witnessed amongst the many to whom I have ministered and, even more starkly, in my own life. It has become obvious that the problem of evil in the face of a loving God is not to be solved at a purely intellectual level, it is by traversing the valley where death casts its long shadow that the sufferer learns the basic truths about his or her condition.This book will give cold comfort to those who want instant relief but, to those who are prepared to proceed with their difficulties with courage, it will show the way of advance that has been tried and proved by at least one traveller."--Martin Israel. 410 0$aContemporary Christian insights. 606 $aSuffering$xReligious aspects$xChristianity 608 $aElectronic books. 615 0$aSuffering$xReligious aspects$xChristianity. 676 $a248.86 700 $aIsrael$b Martin$0884712 801 0$bMiAaPQ 801 1$bMiAaPQ 801 2$bMiAaPQ 906 $aBOOK 912 $a9910467790303321 996 $aThe pain that heals$92459338 997 $aUNINA LEADER 01260nam 2200325 n 450 001 996389327803316 005 20230804230704.0 035 $a(CKB)1000000000642266 035 $a(EEBO)2240887676 035 $a(UnM)99850204 035 $a(EXLCZ)991000000000642266 100 $a19920224d1616 uy | 101 0 $aeng 135 $aurbn#|||a|bb| 200 00$aPauls crovvne of reioycing. Or The maner how to heare the word with profit. By Thomas Granger preacher of the word at Botterwike in Holland, neere Boston in Lincolnshire$b[electronic resource] 210 $aLondon $cPrinted by T. S[nodham] for Thomas Pauier, and are to be sold at his shop in Yuie lane$d1616 215 $a[4], 66 p 300 $aPrinter's name from STC. 300 $aA treatise. 300 $aReproduction of the original in the British Library. 330 $aeebo-0018 700 $aGranger$b Thomas$f1578-$01373919 801 0$bCu-RivES 801 1$bCu-RivES 801 2$bCStRLIN 801 2$bWaOLN 906 $aBOOK 912 $a996389327803316 996 $aPauls crovvne of reioycing. Or The maner how to heare the word with profit. By Thomas Granger preacher of the word at Botterwike in Holland, neere Boston in Lincolnshire$93406429 997 $aUNISA